000 02049nam a22002297a 4500
999 _c92037
_d92037
003 NALT
005 20211126141510.0
008 170501b th ||||| |||| 00| 0 tha d
020 _a9789747963502
040 _aNALT
050 _aZ 678.9
_bก487 2560
110 2 _aสมาคมห้องสมุดแห่งประเทศไทยในพระราชูปถัมภ์สมเด็จพระเทพรัตนราชสุดาฯ สยามบรมราชกุมารี
245 1 0 _aการประชุมใหญ่สามัญประจำปี 2559 และประชุมวิชาการ เรื่อง ห้องสมุดดิจิทัลกับการก้าวสู่ยุค Thailand 4.0 (Digital Library Towards Thailand 4.0) วันที่ 22-24 มีนาคม 2560 ณ โรงแรมปรินซ์พาเลซ มหานาค กรุงเทพมหานคร /
_cสมาคมห้องสมุดแห่งประเทศไทยในพระราชูปถัมภ์สมเด็จพระเทพรัตนราชสุดาฯ สยามบรมราชกุมารี ; บรรณาธิการ สุจิตร สุวภาพ.
260 _aกรุงเทพฯ :
_bสมาคมห้องสมุดแห่งประเทศไทยในพระราชูปถัมภ์สมเด็จพระเทพรัตนราชสุดาฯ สยามบรมราชกุมารี,
_c2560.
300 _a151 หน้า :
_bภาพประกอบ;
_c26 ซม.
650 4 _aห้องสมุด
_xการพัฒนา
_xไทยแลนด์ 4.0.
650 4 _aห้องสมุดดิจิทัล.
700 0 _aสุจิตร สุวภาพ
_eบรรณาธิการ
850 _aNALT
942 _2lcc
_cGB
_03
998 _aDAO
_j2118
_k วิภาวรรณ เส็งจีน